000 00377cam a22001097a 4500
008 180718b1956 xxu||||| |||| 00| 0 eng d
082 _aW9x54 In2
245 _aAir manual, volume 1
_cby Ministry of Information and Broadcasting
260 _aNew Delhi
_bMinistry of Information and Broadcasting
_c1956
300 _a694p.
700 _aIndia. Ministry of Information and Broadcasting
999 _c487462
_d487462